00404 2200157 4500001002100000005001500021035002000036245007800056100001800134300001200152260003100164082000800195084001400203020001700217990001200234INLIS00000000000190420250520093418 a0010-05250001961 aKimia Dasar :bKonsep - Konsep Inti Edisi Ketiga Jilid 1 /cRaymond Chang0 aRaymond Chang a428 hlm aJakarta :bErlangga,c2003 a540 a540 RAY k a978-781039-9 a0754784